Sú alternatívou s jasnou budúcnosťou

Podiel výrobkov pod privátnymi značkami na obrate obchodných formátov rýchlo rastie, a teda rastie aj ich význam. Etablovanie privátnych značiek na slovenskom trhu - hodnotenie obchodníkov.

Saved in:
Bibliographic Details
Main Author: Kuklová, Jana
Format: Book Chapter
Language:Slovak
Subjects:
Tags: Add Tag
No Tags, Be the first to tag this record!

MARC

LEADER 00000naa a2200000 4500
001 0166039
005 20231208065924.8
041 0 |a slo 
044 |a SK 
245 1 0 |a Sú alternatívou s jasnou budúcnosťou  |c Jana Kuklová 
520 |a Podiel výrobkov pod privátnymi značkami na obrate obchodných formátov rýchlo rastie, a teda rastie aj ich význam. Etablovanie privátnych značiek na slovenskom trhu - hodnotenie obchodníkov. 
610 2 0 |a značky kvality 
610 2 0 |a značky maloobchodné 
610 2 0 |a značky výrobkov 
610 2 0 |a obchodníci 
610 2 0 |a spotrebitelia 
610 2 0 |a Slovensko 
100 1 |a Kuklová, Jana